000 00275nam a22001217a 4500
008 171030b xxu||||| |||| 00| 0 eng d
041 _aeng
080 _a336
100 _a57
101 _aFIN
245 _aFINANCIAL THEORY AND CORPORATE POLICY
_cCOPELAND
942 _2udc
_cBK
999 _c36449
_d36449